| 000 | 00684nam a2200217 u 4500 | ||
|---|---|---|---|
| 001 | 000033820 | ||
| 005 | 20200930070539.0 | ||
| 008 | 110913s1978 dr 001 p spa d | ||
| 040 |
_aDO-SdBNP _bspa _cBNPHU |
||
| 082 |
_aV861.44 _bH557o |
||
| 100 | 1 |
_aHernández, Manuel, _d1953- _959241 |
|
| 245 | 1 | 0 |
_aOculta permanencia / _cManuel Hernández. |
| 260 |
_aVenezuela : _bCentro de Estudios Latinoamericanos, _c1978. |
||
| 300 |
_a20 p. ; _c16 cm. |
||
| 490 | 1 |
_aVoces nuevas _v9 |
|
| 590 | _aInventariado, 2018/LP | ||
| 650 | 4 |
_aPoesía venezolana _94230 |
|
| 650 | 4 |
_aLiteratura venezolana _93816 |
|
| 830 | 0 |
_aVoces nuevas ; _n9 _959242 |
|
| 910 | _aValidado. Control de calidad EMS | ||
| 999 |
_c33311 _d33311 |
||